[Event "Challenge"]
[Site "http://www.queenalice.com/game.php?id=333880"]
[Date "2008.1.9"]
[Round "-"]
[White "Football_rules"]
[Black "TheTruth"]
[Result "0-1"]
[WhiteElo "1397"]
[BlackElo "1670"]

1. e4 e5 2. d3 Nf6 3. Nf3 Nc6 4. Nc3 Bc5 5. Nd5 O-O 6. Bd2 Ng4 7. Be3 Nxe3 8.
fxe3 Ne7 9. Nxe5 Nxd5 10. exd5 Qg5 11. Nf3 Qxd5 12. e4 Qe6 13. Ng5 Qf6 14. h4
Qf2# 0-1

[Event "Challenge"]
[Site "http://www.queenalice.com/game.php?id=334459"]
[Date "2008.1.10"]
[Round "-"]
[White "TheTruth"]
[Black "Football_rules"]
[Result "1-0"]
[WhiteElo "1683"]
[BlackElo "1392"]

1. e4 e5 2. Nf3 Nc6 3. d4 Nf6 4. dxe5 Nxe4 5. Bd3 Nc5 6. O-O d6 7. exd6 Qxd6 8.
Bc4 a6 9. Re1+ Be7 10. Qxd6 cxd6 11. Bg5 h6 12. Bxe7 Nxe7 13. Nd4 b6 14. Nc3 Bb7
15. Nf5 Ne6 16. Nxd6+ Kd7 17. Rad1 Bc6 18. Nxf7+ Kc7 19. Nxh8 Rxh8 20. Rxe6 Nf5
21. Nd5+ Kb7 22. Bxa6+ Kxa6 23. Rxc6 Rd8 24. Nb4+ Kb5 25. Rxd8 Kxb4 26. Rd5 Ne7
27. a3+ Ka4 28. Rc4# 1-0

[Event "Challenge"]
[Site "http://www.queenalice.com/game.php?id=334900"]
[Date "2008.1.11"]
[Round "-"]
[White "Football_rules"]
[Black "TheTruth"]
[Result "0-1"]
[WhiteElo "1388"]
[BlackElo "1687"]

1. e4 e5 2. Nc3 Nf6 3. Nf3 d5 4. d3 d4 5. Bg5 dxc3 6. bxc3 Nc6 7. d4 Bd6 8. d5
Ne7 9. Bb5+ c6 10. dxc6 bxc6 11. Ba4 O-O 12. Bb3 Nxe4 13. Bd2 Ba6 14. c4 Nc5 15.
Ng5 e4 16. Bc3 Nf5 17. Qg4 Nh6 18. Qh4 Re8 19. O-O Ne6 20. Qxe4 Nxg5 21. Qd4
Bxh2+ 22. Kxh2 Qc7+ 23. Kh1 f6 24. c5+ Nhf7 25. Rfe1 Rad8 26. Rxe8+ Rxe8 27.
Bxf7+ Kxf7 28. Qc4+ Bxc4 0-1

[Event "Challenge"]
[Site "http://www.queenalice.com/game.php?id=336345"]
[Date "2008.1.14"]
[Round "-"]
[White "Croftsy"]
[Black "TheTruth"]
[Result "1-0"]
[WhiteElo "1493"]
[BlackElo "1701"]

1. g4 e5 2. f3 d5 3. h4 Nc6 4. d3 Bb4+ 5. c3 Bc5 6. Nd2 h6 7. Nb3 Bd6 8. h5 e4
9. Bg2 Bg3+ 10. Kf1 exf3 11. Bxf3 Nf6 12. Rh3 Qd6 13. e4 Be6 14. Qe2 dxe4 15.
Bxe4 Bxg4 16. Bxc6+ Kf8 17. Bf3 Bxh3+ 18. Nxh3 Re8 19. Be4 Nxe4 20. dxe4 Qf6+
21. Kg2 Qh4 22. Nd2 c6 23. Qf3 Be1 24. Nf2 Bxf2 25. Qxf2 Qxh5 26. Nf3 Qg4+ 27.
Qg3 Qxe4 28. b3 Qc2+ 29. Kg1 Qxc3 30. Ba3+ c5 31. Rc1 Qe3+ 32. Qf2 b6 33. Qxe3
Rxe3 34. Nd2 g5 35. Bb2 Rg8 36. Nc4 Re2 37. Rd1 Rg6 38. Be5 f6 39. Bb8 Rxa2 40.
Bd6+ Kf7 41. Rf1 Kg7 42. Re1 h5 43. Re7+ Kh6 44. Re1 h4 45. Ne3 Kh5 46. Nf5 a5
47. Ne7 Rg7 48. Bc7 b5 49. Nd5 Rd7 50. Nxf6+ Kg6 51. Nxd7 c4 52. Ne5+ Kh5 53.
bxc4 Rc2 54. Bxa5 Ra2 55. Bd8 b4 56. Nf3 b3 57. Bf6 Kg4 58. Nxg5 b2 59. Ne4 Kf5
60. Bxh4 Ra1 61. Nd2 Rc1 62. Rf1+ Ke5 63. Bf6+ Ke6 64. Bxb2 Rc2 65. Bc1 1-0

[Event "Challenge"]
[Site "http://www.queenalice.com/game.php?id=336543"]
[Date "2008.1.14"]
[Round "-"]
[White "TheTruth"]
[Black "Football_rules"]
[Result "1-0"]
[WhiteElo "1691"]
[BlackElo "1392"]

1. e4 e5 2. Nf3 d6 3. Bb5+ c6 4. Bc4 Nd7 5. O-O Nb6 6. Bb3 Nf6 7. d4 Nxe4 8.
dxe5 d5 9. Re1 Bc5 10. Be3 Qe7 11. c4 Be6 12. cxd5 O-O-O 13. d6 Qd7 14. Bxc5
Nxc5 15. Nc3 Rhe8 16. Bxe6 Qxe6 17. Ng5 Qg6 18. Qg4+ f5 19. Qf4 Nd3 20. Qd4 Nxe1
21. Rxe1 Qxg5 22. e6 Rxe6 23. Rxe6 Qc1+ 24. Nd1 Nd5 25. Re1 Rxd6 26. Qxg7 b5 27.
Qf8+ Rd8 28. Qxf5+ Kb7 29. Qxh7+ Kb6 30. Qf5 Ne7 31. Qf3 Ng6 32. g3 Ne5 33. Rxe5
Rxd1+ 34. Kg2 Rg1+ 35. Kh3 Qh6+ 36. Rh5 Qe6+ 37. Qg4 Qxa2 38. Qd4+ Ka6 39. f4
Rb1 40. b4 Qe6+ 41. g4 Rb3+ 42. Kh4 Qe1+ 43. Kg5 Rxb4 44. Qd7 Qf2 45. Qxc6+ Ka5
46. Qc7+ Ka4 47. f5 Qd2+ 48. Kh4 a5 49. f6 Qd4 50. Qg7 Qf2+ 51. Kg5 Qf4+ 52. Kg6
Qxg4+ 53. Kh6 Qe6 54. Kh7 Rg4 55. Rg5 Rxg5 56. Qxg5 Qf7+ 57. Qg7 Qe6 58. f7 Qh3+
59. Kg8 b4 60. f8=Q b3 61. Qa1+ Kb5 62. Qe8+ Kb4 63. Qd4+ Ka3 64. Qea4# 1-0

[Event "Let's Play Chess!"]
[Site "http://www.queenalice.com/game.php?id=337435"]
[Date "2008.1.16"]
[Round "-"]
[White "inguitar"]
[Black "TheTruth"]
[Result "1-0"]
[WhiteElo "1725"]
[BlackElo "1701"]

1. e4 e5 2. Nf3 Nc6 3. Bc4 Nf6 4. Nc3 a6 5. d4 exd4 6. Nxd4 Bb4 7. Nf5 Nxe4 8.
Nxg7+ Ke7 9. O-O Nxc3 10. Re1+ Kf8 11. bxc3 Bxc3 12. Re8+ Qxe8 13. Nxe8 Bxa1 14.
Nxc7 Ra7 15. Bh6+ Ke7 16. Qxa1 1-0

[Event "Challenge"]
[Site "http://www.queenalice.com/game.php?id=337475"]
[Date "2008.1.16"]
[Round "-"]
[White "Football_rules"]
[Black "TheTruth"]
[Result "0-1"]
[WhiteElo "1388"]
[BlackElo "1695"]

1. e4 e5 2. Nf3 Nf6 3. Nc3 d5 4. Bd3 d4 5. Ne2 Bc5 6. a3 a5 7. Nxe5 Be6 8. c3
dxc3 9. bxc3 Nc6 10. Bb5 O-O 11. Nxc6 bxc6 12. Bxc6 Ra6 13. Qa4 Bd7 14. Qc4 Rxc6
15. e5 Bxf2+ 16. Kxf2 Rxc4 17. exf6 Qxf6+ 18. Ke1 Re8 19. Rf1 Qh4+ 20. Kd1 Bg4
21. Re1 Bxe2+ 22. Rxe2 Rxe2 23. Kxe2 Re4+ 24. Kd1 Re8 25. h3 Qa4# 0-1

[Event "Challenge"]
[Site "http://www.queenalice.com/game.php?id=337964"]
[Date "2008.1.17"]
[Round "-"]
[White "TheTruth"]
[Black "commando"]
[Result "1-0"]
[WhiteElo "1699"]
[BlackElo "1343"]

1. e4 e5 2. Nf3 Nf6 3. Nc3 Bc5 4. d4 exd4 5. Nxd4 O-O 6. Bc4 h6 7. O-O b6 8. Re1
Nc6 9. Nxc6 dxc6 10. e5 Nd7 11. e6 Ne5 12. exf7+ Nxf7 13. Ne4 Bb4 14. c3 Be7 15.
Qh5 b5 16. Bxh6 bxc4 17. Rad1 Nd6 18. Bg5 Bf5 19. Bxe7 Qxe7 20. Nxd6 g6 21. Qh6
Qd7 22. Nxf5 Qxf5 23. f4 Rad8 24. h4 Rxd1 25. Rxd1 Qc2 26. Rd7 Rf7 27. Rd8+ Rf8
28. Rxf8# 1-0

[Event "Challenge"]
[Site "http://www.queenalice.com/game.php?id=338144"]
[Date "2008.1.18"]
[Round "-"]
[White "Football_rules"]
[Black "TheTruth"]
[Result "0-1"]
[WhiteElo "1410"]
[BlackElo "1686"]

1. e4 e5 2. Nf3 Nf6 3. Bc4 Nc6 4. Ng5 d5 5. exd5 Nxd5 6. Qf3 Qxg5 7. Bxd5 Be6 8.
Bxc6+ bxc6 9. Qxc6+ Bd7 10. Qxa8+ Qd8 11. Qxa7 Bd6 12. Nc3 O-O 13. Ne4 Be7 14.
d3 f5 15. Ng3 f4 16. Ne4 Bc6 17. Qa6 Bd5 18. Bd2 f3 19. gxf3 Rxf3 20. Rf1 Qf8
21. Qb5 c6 22. Qa5 Bh4 23. O-O-O Bxf2 24. c4 Be6 25. Qxe5 Bd7 26. Bc3 Bg4 27.
Nxf2 Rf5 28. Qd4 Bxd1 29. Rxd1 Rxf2 30. h4 Rf4 31. Qd7 Rxh4 32. Qxc6 h5 33. a3
Rf4 34. Kb1 h4 35. Qd5+ Kh7 36. Qe5 h3 37. Ka2 Rf5 38. Qh2 Rh5 39. Rg1 g5 40.
Qc7+ Kg6 41. c5 h2 42. Rh1 g4 43. Rxh2 Rxh2 44. Qxh2 Qxc5 45. d4 Qc4+ 46. b3
Qxc3 47. Qd6+ Kg5 48. a4 g3 49. Ka3 Kh4 50. Qf4+ Kh3 51. Qh6+ Kg4 52. Qe6+ Kf3
53. Qf5+ Ke3 54. d5 Qc1+ 55. Kb4 Qe1+ 56. Kc5 g2 57. Qe5+ Kf2 58. Qf4+ Ke2 59.
Qg4+ Kf1 60. Qf3+ Qf2+ 61. Qxf2+ Kxf2 62. d6 g1=Q 63. d7 Qg5+ 64. Kc6 Qd8 65. b4
Kf3 66. a5 Kf4 67. Kd6 Kf5 68. a6 Kf6 69. b5 Kf7 70. a7 Kf8 71. Kc6 Ke7 72. b6
Qxd7+ 73. Kc5 Qb7 74. Kb5 Kd6 75. Ka5 Kc6 76. Ka4 Qa6+ 77. Kb4 Qxb6+ 78. Ka3
Qxa7+ 79. Kb2 Qe3 80. Kc2 Kc5 81. Kd1 Kc4 82. Kc2 Qd3+ 83. Kb2 Qc3+ 84. Kb1 Qd2
85. Ka1 Kb3 86. Kb1 Qb2# 0-1

[Event "Challenge"]
[Site "http://www.queenalice.com/game.php?id=338636"]
[Date "2008.1.18"]
[Round "-"]
[White "TheTruth"]
[Black "Football_rules"]
[Result "1-0"]
[WhiteElo "1691"]
[BlackElo "1405"]

1. e4 e5 2. Nf3 Nc6 3. Bc4 Nge7 4. O-O a6 5. a4 Na5 6. Nxe5 Nxc4 7. Nxc4 Nc6 8.
d4 Qf6 9. e5 Qh4 10. c3 b6 11. Be3 Bb7 12. Nbd2 O-O-O 13. d5 Ne7 14. d6 Nd5 15.
dxc7 Kxc7 16. Qb3 Bc5 17. a5 b5 18. Bxc5 bxc4 19. Bb6+ Nxb6 20. axb6+ Kb8 21.
Nxc4 Qg5 22. f3 Rhe8 23. Nd6 Rxe5 24. Nxf7 Qe3+ 25. Kh1 Bd5 26. Qa4 Qxb6 27.
Nxe5 h5 28. Nxd7+ Rxd7 29. Qxd7 Bc4 30. Rfd1 Bb5 31. Qxg7 h4 32. Qe7 Qc7 33.
Qxh4 Kc8 34. f4 Bc6 35. Rxa6 Bxg2+ 36. Kxg2 Qb7+ 37. Kh3 Qxa6 38. Rd8+ Kc7 39.
Qe7+ Kc6 40. Rd6+ Kb5 41. Rxa6 Kxa6 42. b4 Kb5 43. f5 1-0

[Event "Challenge"]
[Site "http://www.queenalice.com/game.php?id=342374"]
[Date "2008.1.25"]
[Round "-"]
[White "TheTruth"]
[Black "Football_rules"]
[Result "1-0"]
[WhiteElo "1696"]
[BlackElo "1428"]

1. e4 e5 2. Nf3 Nc6 3. Bc4 Nf6 4. Ng5 d5 5. exd5 Nxd5 6. d4 h6 7. dxe5 Be6 8.
Nxe6 fxe6 9. Qh5+ Kd7 10. Qf7+ Nce7 11. O-O c6 12. Rd1 Qa5 13. Bd2 Qc5 14. Bxd5
cxd5 15. Nc3 Rd8 16. b4 Qc4 17. Nxd5 exd5 18. Bf4 Kc8 19. Be3 Nc6 20. Qf5+ Kb8
21. e6 Bxb4 22. Bf4+ Ka8 23. Be5 Rhf8 24. Qh7 Rde8 25. Bxg7 Re7 26. Qxh6 Rfe8
27. h4 Ne5 28. Bxe5 Rxe6 29. Bf6 Bc5 30. Qg5 Qe2 31. Rxd5 Qxf2+ 32. Kh1 Bb6 33.
Re5 Bd4 34. Rxe6 a6 35. Rxe8+ Ka7 36. Bxd4+ Qxd4 37. Rae1 1-0

[Event "Challenge"]
[Site "http://www.queenalice.com/game.php?id=349044"]
[Date "2008.2.5"]
[Round "-"]
[White "shady66"]
[Black "TheTruth"]
[Result "1-0"]
[WhiteElo "1492"]
[BlackElo "1677"]

1. e4 e5 2. Nf3 Nf6 3. Nc3 Nc6 4. h3 Bc5 5. a3 a5 6. Bb5 O-O 7. O-O d6 8. d3 Nd4
9. Nxd4 Bxd4 10. Qf3 c6 11. Bc4 b5 12. Ba2 Bb7 13. Ne2 d5 14. Nxd4 dxe4 15. dxe4
Qxd4 16. Re1 c5 17. c3 Qd7 18. Rd1 Qc6 19. Bd5 Qd7 20. Bg5 Bxd5 21. exd5 e4 22.
Qe3 Qf5 23. Bxf6 gxf6 24. Qxc5 Rab8 25. b3 Qe5 26. Qd4 Qf4 27. f3 Rfe8 28. Re1
f5 29. Ra2 Kf8 30. Qc5+ Kg8 31. Qd4 Kf8 32. d6 Rb7 33. Qh8# 1-0

[Event "About time I started winning aga"]
[Site "http://www.queenalice.com/game.php?id=352606"]
[Date "2008.2.11"]
[Round "-"]
[White "TheTruth"]
[Black "Football_rules"]
[Result "1-0"]
[WhiteElo "1654"]
[BlackElo "1410"]

1. e4 e5 2. Nf3 Nc6 3. Bc4 d6 4. O-O Nf6 5. Ng5 d5 6. exd5 Nxd5 7. d3 h6 8. Ne4
a6 9. a4 Be6 10. Bd2 g6 11. Nbc3 f5 12. Ng3 Bc5 13. Re1 Qf6 14. Nxd5 Bxd5 15.
Bxd5 Bb6 16. Bc3 O-O-O 17. Bxc6 bxc6 18. Bxe5 Qf8 19. Bxh8 Qxh8 20. Re6 Qd4 21.
Qf3 Qxb2 22. Rae1 Qxc2 23. Qxc6 Bxf2+ 24. Kf1 Qd2 25. Qxa6+ Kb8 26. Rb1+ Bb6 27.
Rexb6+ cxb6 28. Rxb6+ Kc7 29. Qb7# 1-0

[Event "Challenge"]
[Site "http://www.queenalice.com/game.php?id=352844"]
[Date "2008.2.11"]
[Round "-"]
[White "Croftsy"]
[Black "TheTruth"]
[Result "1-0"]
[WhiteElo "1540"]
[BlackElo "1666"]

1. Nc3 d6 2. e4 Bd7 3. Nf3 Nf6 4. d4 Nc6 5. d5 Nb4 6. a3 Na6 7. g3 Nc5 8. b4
Ncxe4 9. Ne2 Ng4 10. Qd4 Ngxf2 11. Rg1 c5 12. dxc6 bxc6 13. Be3 c5 14. Qb2 Ng4
15. Bd2 Nxd2 16. Nxd2 Nxh2 17. Bg2 Rb8 18. Rh1 Ng4 19. Rh4 Ne3 20. Rh2 Nxg2+ 21.
Rxg2 a5 22. c3 axb4 23. cxb4 cxb4 24. axb4 Qb6 25. Nf4 Bc6 26. Rh2 e5 27. Nh5
Qxb4 28. Qc1 Bf3 29. Rb1 Qc5 30. Rxb8+ Ke7 31. Rb1 Qe3+ 32. Kf1 g6 33. Nxf3
Qxf3+ 34. Kg1 gxh5 35. Qg5+ Ke6 36. Rf1 Qd3 37. Qf6+ Kd7 38. Qxh8 Qxg3+ 39. Rg2
Qe3+ 40. Rgf2 Be7 41. Qxh7 Bh4 42. Qxf7+ Kd8 43. Qf8+ Kd7 44. Qf5+ Kc6 45. Qf3+
1-0

[Event "Challenge"]
[Site "http://www.queenalice.com/game.php?id=353509"]
[Date "2008.2.12"]
[Round "-"]
[White "shady66"]
[Black "TheTruth"]
[Result "0-1"]
[WhiteElo "1494"]
[BlackElo "1621"]

1. g3 e5 2. Nc3 d5 3. e3 d4 4. Ne4 f5 5. d3 fxe4 6. dxe4 Bb4+ 7. Bd2 Nc6 8. a3
Bd6 9. c3 Nf6 10. Bg2 Bg4 11. Bf3 Qd7 12. h3 Bxf3 13. Nxf3 Nxe4 14. exd4 O-O-O
15. Be3 Kb8 16. dxe5 Nxe5 17. Nxe5 Bxe5 18. Bd4 Qf5 19. O-O Bxd4 20. cxd4 Qxh3
21. Rc1 h5 22. Qf3 Nd2 23. Qg2 Qxg2+ 24. Kxg2 Nxf1 25. Kxf1 Rxd4 26. Kg2 h4 27.
Rc3 g5 28. Kh3 Rd2 29. b4 Rxf2 30. Kg4 Rf7 31. Rc5 h3 32. Rxg5 h2 0-1

[Event "This time !!!!"]
[Site "http://www.queenalice.com/game.php?id=353591"]
[Date "2008.2.13"]
[Round "-"]
[White "Football_rules"]
[Black "TheTruth"]
[Result "0-1"]
[WhiteElo "1404"]
[BlackElo "1660"]

1. e4 e5 2. Nf3 Nf6 3. Bc4 Nc6 4. O-O Nxe4 5. Re1 d5 6. Bb3 Bc5 7. d4 Nxd4 8.
Nxd4 Bxd4 9. Be3 Bxb2 10. Qe2 O-O 11. Nd2 Bxa1 12. Rxa1 Nc3 13. Qf3 d4 14. Bh6
gxh6 15. Qg3+ Qg5 16. h4 Qxg3 17. fxg3 Ne2+ 18. Kf2 Bg4 19. a4 Rae8 20. Ne4 Kg7
21. a5 Nc3 22. Nc5 e4 23. Nxb7 e3+ 24. Ke1 Ne2 25. Ra4 Re4 26. a6 Nxg3 27. Rc4
Rf4 0-1

[Event "Challenge"]
[Site "http://www.queenalice.com/game.php?id=353885"]
[Date "2008.2.13"]
[Round "-"]
[White "TheTruth"]
[Black "Football_rules"]
[Result "0-1"]
[WhiteElo "1645"]
[BlackElo "1449"]

1. e4 Nf6 2. e5 Nd5 3. c4 Nb4 4. a3 N4c6 5. d4 e6 6. Nf3 d5 7. Nc3 a6 8. Bd3 Bd7
9. cxd5 exd5 10. Nxd5 Bg4 11. h3 Bh5 12. Nf4 Bxf3 13. Qxf3 Nxd4 14. Qxb7 Nd7 15.
Be3 Nc5 16. Qd5 Nxd3+ 17. Kf1 Nxf4 18. Qxd4 Ne6 19. Qa4+ Qd7 20. Qxd7+ Kxd7 21.
h4 Be7 22. f4 Rhd8 23. f5 Nc5 24. Rd1+ Ke8 25. Ke2 Ne4 26. Kf3 Rac8 27. Kxe4 c5
28. g4 Rb8 29. Rc1 Rdc8 30. Rc2 c4 31. g5 Kf8 32. Rf1 h5 33. gxh6 gxh6 34. Bxh6+
Ke8 35. h5 Rc6 36. Bg7 Rbc8 37. Rd1 c3 38. h6 Rc4+ 39. Kf3 cxb2 40. h7 Rc3+ 41.
Kg4 R8c4+ 42. Kh5 Rh3# 0-1

[Event "Challenge"]
[Site "http://www.queenalice.com/game.php?id=358774"]
[Date "2008.2.22"]
[Round "-"]
[White "TheTruth"]
[Black "Football_rules"]
[Result "1-0"]
[WhiteElo "1632"]
[BlackElo "1531"]

1. e4 e5 2. Nf3 Nc6 3. Bc4 Nf6 4. Nc3 a6 5. a4 Bb4 6. d3 h6 7. Bd2 Nd4 8. Nxe5
d6 9. Nxf7 Qe7 10. Nxh8 Bg4 11. f3 Bh5 12. g4 Nxf3+ 13. Qxf3 Bxg4 14. Qf4 O-O-O
15. Ng6 Qd7 16. Nd5 Bxd2+ 17. Qxd2 Bf3 18. Nxf6 Qh3 19. Ne7+ Kb8 20. Rf1 Qh4+
21. Qf2 Qxf6 22. Nd5 Qxb2 23. Kd2 Bh5 24. Qh4 g6 25. Qxd8+ Ka7 26. Qxc7 Qe5 27.
Bxa6 Qxh2+ 28. Kc3 Qe5+ 29. Kb3 Qxd5+ 30. exd5 Kxa6 31. a5 g5 32. Qb6# 1-0

[Event "Challenge"]
[Site "http://www.queenalice.com/game.php?id=367044"]
[Date "2008.3.7"]
[Round "-"]
[White "Football_rules"]
[Black "TheTruth"]
[Result "0-1"]
[WhiteElo "1538"]
[BlackElo "1644"]

1. e4 e5 2. Nf3 Nf6 3. d3 Nc6 4. Nc3 Bc5 5. h3 O-O 6. b3 Nd4 7. Nxe5 d6 8. Ng4
Nxg4 9. hxg4 Re8 10. g5 f5 11. gxf6 Qxf6 12. Qh5 Nxc2+ 13. Kd1 Bg4+ 14. Qxg4
Nxa1 15. f3 Qxc3 16. Bh6 Qc2+ 17. Ke1 Bf2# 0-1

[Event "Challenge"]
[Site "http://www.queenalice.com/game.php?id=368578"]
[Date "2008.3.10"]
[Round "-"]
[White "TheTruth"]
[Black "Football_rules"]
[Result "1-0"]
[WhiteElo "1656"]
[BlackElo "1497"]

1. e4 e5 2. Nf3 Nc6 3. Bc4 h6 4. O-O Bc5 5. Nc3 d6 6. Nd5 Nge7 7. a3 a6 8. c3 b5
9. Nxe7 Qxe7 10. Bd5 Bb7 11. d4 Bb6 12. b4 O-O-O 13. Qb3 Rhf8 14. Be3 a5 15.
Bxc6 Bxc6 16. d5 Bb7 17. Bxb6 a4 18. Qd1 cxb6 19. Qd3 Ba6 20. Nd2 Rd7 21. c4 Rc7
22. cxb5 Bb7 23. Nc4 Rxc4 24. Qxc4+ Kb8 25. Qc2 Qh4 26. Rfe1 g6 27. Qxa4 f5 28.
Qc2 fxe4 29. Rxe4 Bxd5 30. Rxh4 1-0

[Event "Challenge"]
[Site "http://www.queenalice.com/game.php?id=371237"]
[Date "2008.3.14"]
[Round "-"]
[White "Football_rules"]
[Black "TheTruth"]
[Result "1-0"]
[WhiteElo "1600"]
[BlackElo "1653"]

1. e4 e5 2. Nf3 Nf6 3. d3 Bc5 4. h3 Nc6 5. Nc3 O-O 6. b3 d5 7. Bb2 d4 8. Ne2
Bb4+ 9. Nd2 Be6 10. c4 dxc3 11. Nxc3 Nd4 12. Rc1 c5 13. Be2 Nxe2 14. Qxe2 a6 15.
O-O b5 16. a3 Ba5 17. Nd1 Bxd2 18. Qxd2 Qd6 19. Ne3 Bxb3 20. Nf5 Qe6 21. Qg5 g6
22. Nh6+ Kh8 23. Bxe5 Rg8 24. Bxf6+ Rg7 25. e5 c4 26. d4 Ba4 27. f4 b4 28. f5
Qd5 29. axb4 Qxd4+ 30. Kh2 1-0